Design of jigs, fixtures and press tools (Record no. 22847)

MARC details
000 -LEADER
fixed length control field 00450nam a22001697a 4500
003 - CONTROL NUMBER IDENTIFIER
control field KenMUT
005 - DATE AND TIME OF LATEST TRANSACTION
control field 20250530144237.0
008 - FIXED-LENGTH DATA ELEMENTS--GENERAL INFORMATION
fixed length control field 250530b |||||||| |||| 00| 0 eng d
020 ## - INTERNATIONAL STANDARD BOOK NUMBER
International Standard Book Number 9783030765354
040 ## - CATALOGING SOURCE
Transcribing agency MUT
050 ## - LIBRARY OF CONGRESS CALL NUMBER
Classification number TJ 1185
Item number .V46 2024
100 ## - MAIN ENTRY--PERSONAL NAME
Personal name Venkataraman, K.
245 ## - TITLE STATEMENT
Title Design of jigs, fixtures and press tools
Remainder of title K. Venkataraman
260 ## - PUBLICATION, DISTRIBUTION, ETC.
Place of publication, distribution, etc. [?]
Name of publisher, distributor, etc. Springer
Date of publication, distribution, etc. 2024
650 ## - SUBJECT ADDED ENTRY--TOPICAL TERM
Topical term or geographic name entry element Machine-tools
General subdivision Design.
942 ## - ADDED ENTRY ELEMENTS (KOHA)
Source of classification or shelving scheme Library of Congress Classification
Koha item type Books
Suppress in OPAC No
Holdings
Withdrawn status Lost status Source of classification or shelving scheme Damaged status Not for loan Home library Current library Shelving location Date acquired Source of acquisition Total checkouts Full call number Barcode Date last seen Price effective from Koha item type
    Library of Congress Classification     Murang'a University of Technology Library Murang'a University of Technology Library General stacks 30/05/2025 Purchase   TJ 1185 .V46 2024 031885 30/05/2025 30/05/2025 Books
    Library of Congress Classification     Murang'a University of Technology Library Murang'a University of Technology Library General stacks 30/05/2025 Purchase   TJ 1185 .V46 2024 031886 30/05/2025 30/05/2025 Books